[Event "AUTO-OPEN-1999"]
[Site "http://www.queenalice.com/game.php?id=914722"]
[Date "2011.3.19"]
[Round "2"]
[White "alederp"]
[Black "SAMOEL"]
[Result "1-0"]
[WhiteElo "2352"]
[BlackElo "1902"]

1. e4 e5 2. Nf3 d6 3. Bc4 h6 4. O-O Nf6 5. d4 Nbd7 6. dxe5 dxe5 7. Nc3 Bc5 8.
Be3 Bxe3 9. fxe3 O-O 10. Qe2 a6 11. Rad1 Qe7 12. Nh4 Kh7 13. Nf5 Qe8 14. Qf3 b5
15. Bd5 Rb8 16. a3 Qd8 17. Bc6 Qe7 18. Nxe7 Nc5 19. Nxc8 Rbxc8 20. Qf5+ Kg8 21.
Nd5 Nfxe4 22. Ne7+ Kh8 23. Nxc8 Nf6 24. Qxe5 Ne6 25. Rxf6 Rxc8 26. Rxh6+ Kg8 27.
Rxe6 fxe6 28. Rd7 Kf8 29. Qxg7+ 1-0

[Event "AUTO-OPEN-1999"]
[Site "http://www.queenalice.com/game.php?id=914723"]
[Date "2011.3.19"]
[Round "2"]
[White "SAMOEL"]
[Black "alederp"]
[Result "0-1"]
[WhiteElo "1899"]
[BlackElo "2352"]

1. e4 e5 2. c3 Nf6 3. Qf3 d5 4. exd5 Bg4 5. Qe3 Qxd5 6. c4 Qc5 7. Nc3 Nc6 8. h3
Nb4 9. Bd3 Qxe3+ 10. dxe3 Nxd3+ 11. Kd2 O-O-O 12. hxg4 Nxf2+ 13. Ke2 Nxh1 14.
Kf3 h5 15. g5 Ng4 16. g3 Nhf2 17. a3 Be7 18. Nd5 e4+ 19. Kg2 Bxg5 20. b4 c6 21.
Nc3 Rd3 22. Na4 h4 23. Nc5 h3+ 24. Kf1 Rd1+ 25. Ke2 h2 26. Nh3 h1=Q 27. Nxg5
Qf1# 0-1

[Event "AUTO-ADV-1781"]
[Site "http://www.queenalice.com/game.php?id=924549"]
[Date "2011.4.11"]
[Round "2"]
[White "henschel"]
[Black "alederp"]
[Result "0-1"]
[WhiteElo "1911"]
[BlackElo "2339"]

1. e4 e5 2. Nf3 Nc6 3. Bc4 Nf6 4. Ng5 d5 5. exd5 Nxd5 6. Qh5 g6 7. Qf3 Be6 8.
Nxe6 fxe6 9. O-O Qd7 10. Bb5 O-O-O 0-1

[Event "AUTO-ADV-1781"]
[Site "http://www.queenalice.com/game.php?id=924550"]
[Date "2011.4.11"]
[Round "2"]
[White "alederp"]
[Black "henschel"]
[Result "1-0"]
[WhiteElo "2340"]
[BlackElo "1841"]

1. e4 c5 2. Nf3 Nc6 3. d4 cxd4 4. Nxd4 e5 5. Nb5 d6 6. c4 Be7 7. N1c3 a6 8. Na3
Nf6 9. Bd3 O-O 10. O-O Be6 11. Nd5 1-0

[Event "AUTO-OPEN-1992"]
[Site "http://www.queenalice.com/game.php?id=927448"]
[Date "2011.4.18"]
[Round "3"]
[White "alederp"]
[Black "mouderjr"]
[Result "1-0"]
[WhiteElo "2353"]
[BlackElo "1936"]

1. e4 e5 2. Nf3 Nc6 3. Bc4 h6 4. O-O Nf6 5. d4 Na5 6. Bxf7+ Kxf7 7. dxe5 c6 8.
exf6 Qxf6 9. Bd2 Nc4 10. Bc3 Qe6 11. Nbd2 1-0

[Event "AUTO-OPEN-1992"]
[Site "http://www.queenalice.com/game.php?id=927449"]
[Date "2011.4.18"]
[Round "3"]
[White "mouderjr"]
[Black "alederp"]
[Result "0-1"]
[WhiteElo "1934"]
[BlackElo "2354"]

1. d4 d5 2. c4 dxc4 3. a4 Nc6 4. e3 e5 5. d5 Na5 6. Ra2 Nf6 7. Nd2 Bb4 8. Ne2
Bg4 9. f3 Nxd5 10. Nc3 Bxc3 11. bxc3 Nxc3 12. Qc2 Nxa2 13. Qxa2 Be6 14. Bxc4
Nxc4 15. Nxc4 Qh4+ 0-1

[Event "AUTO-OPEN-1992"]
[Site "http://www.queenalice.com/game.php?id=927450"]
[Date "2011.4.18"]
[Round "3"]
[White "alederp"]
[Black "msbasso01"]
[Result "1-0"]
[WhiteElo "2357"]
[BlackElo "2005"]

1. e4 c6 2. Nf3 d5 3. exd5 cxd5 4. d4 Nf6 5. Bd3 Bg4 6. O-O e6 7. h3 Bh5 8. Nc3
Nc6 9. g4 Bg6 10. Bb5 a6 11. Bxc6+ bxc6 12. Ne5 c5 13. Re1 h6 14. Nxg6 1-0

[Event "AUTO-OPEN-1992"]
[Site "http://www.queenalice.com/game.php?id=927451"]
[Date "2011.4.18"]
[Round "3"]
[White "msbasso01"]
[Black "alederp"]
[Result "1-0"]
[WhiteElo "2008"]
[BlackElo "2327"]

1. e4 e5 2. Nf3 Nc6 3. Bc4 Bc5 4. O-O Nge7 5. d3 O-O 6. Nc3 d6 7. Bg5 h6 8. Bh4
Bg4 9. h3 Be6 10. Nd5 Bxd5 11. Bxd5 Qd7 12. Bb3 Ng6 13. Bg3 Na5 14. Qd2 Nxb3 15.
axb3 f5 16. exf5 Qxf5 17. Rfe1 Rf7 18. Qe2 1-0

[Event "AUTO-OPEN-2197"]
[Site "http://www.queenalice.com/game.php?id=942585"]
[Date "2011.5.26"]
[Round "2"]
[White "alederp"]
[Black "SubRoger"]
[Result "1-0"]
[WhiteElo "2294"]
[BlackElo "2058"]

1. e4 c5 2. d4 cxd4 3. c3 dxc3 4. Nxc3 Nc6 5. Nf3 g6 6. Bc4 e6 7. O-O Bg7 8. Nb5
d5 9. exd5 exd5 10. Qxd5 Qxd5 11. Bxd5 Nge7 12. Bxc6+ 1-0

[Event "AUTO-OPEN-2197"]
[Site "http://www.queenalice.com/game.php?id=942586"]
[Date "2011.5.26"]
[Round "2"]
[White "SubRoger"]
[Black "alederp"]
[Result "0-1"]
[WhiteElo "2041"]
[BlackElo "2244"]

1. e4 e5 2. Nf3 Nc6 3. Bb5 Bc5 4. Bxc6 dxc6 5. d3 Bg4 6. Be3 Bxe3 7. fxe3 Qe7 8.
O-O O-O-O 9. Nbd2 Nh6 10. h3 Be6 11. Nxe5 Bxh3 12. Ndf3 Be6 13. d4 f6 14. Nd3
Ng4 15. Qe2 Rhe8 16. b3 Kb8 17. c4 Bd7 18. Nd2 h5 19. b4 Qd6 20. Nf3 Rxe4 21.
Rae1 Rxe3 0-1

[Event "AUTO-OPEN-1999"]
[Site "http://www.queenalice.com/game.php?id=959533"]
[Date "2011.7.12"]
[Round "3"]
[White "alederp"]
[Black "WeirdGoblin"]
[Result "0-1"]
[WhiteElo "2271"]
[BlackElo "2199"]

1. e4 c6 2. Nf3 d5 3. exd5 cxd5 4. d4 Nf6 5. Bd3 Bg4 6. O-O e6 7. Bg5 Be7 8.
Nbd2 Nc6 9. c3 O-O 10. h3 Bh5 11. Qe2 h6 12. Bf4 Bxf3 13. Nxf3 Nh5 14. Bd2 Nf6
15. Rfe1 a6 16. b4 Rc8 17. a4 a5 0-1

[Event "AUTO-OPEN-1999"]
[Site "http://www.queenalice.com/game.php?id=959534"]
[Date "2011.7.12"]
[Round "3"]
[White "WeirdGoblin"]
[Black "alederp"]
[Result "1-0"]
[WhiteElo "2213"]
[BlackElo "2257"]

1. e4 e5 2. Nf3 Nc6 3. Bc4 Nf6 4. Ng5 d5 5. exd5 Nxd5 6. Nxf7 Kxf7 7. Qf3+ Ke6
8. Nc3 Nb4 9. Qe4 c6 10. a3 Na6 11. d4 Nc7 12. Qxe5+ Kf7 13. O-O b5 14. Bb3 Bd6
15. Qh5+ 1-0

[Event "QA-ANNIV-06"]
[Site "http://www.queenalice.com/game.php?id=966995"]
[Date "2011.7.31"]
[Round "5"]
[White "alederp"]
[Black "AndreaLM"]
[Result "1/2-1/2"]
[WhiteElo "2297"]
[BlackElo "2241"]

1. e4 d5 2. exd5 Qxd5 3. Nf3 Nc6 4. d4 Bg4 5. Nc3 Qa5 6. Bb5 O-O-O 7. Bxc6 bxc6
8. Qd3 Bf5 9. Qe2 Bg4 10. O-O Nf6 11. h3 Bxf3 12. Qxf3 Rxd4 13. Qxc6 Qb6 14. Qf3
Qb7 15. Qe2 e6 16. Be3 Rd7 17. Rad1 Be7 18. Rxd7 Nxd7 19. Rd1 Rd8 20. a4 Bf6 21.
Qh5 Ne5 22. Rxd8+ Kxd8 23. Qxh7 1/2-1/2